| 000 | 00610nam a22001937a 4500 | ||
|---|---|---|---|
| 003 | JO-AjAnu | ||
| 005 | 20240611140655.0 | ||
| 008 | 240611b jo ||||| |||| 00| 0 ara d | ||
| 020 | _a9781927356111 | ||
| 040 |
_aJO-AjAnu _bENG _cJO-AjAnu |
||
| 041 | _hENG | ||
| 100 |
_aTemple, Norman J. _965474 |
||
| 245 |
_aCommunity Nutrition for Developing Countries _c/ Norman J. Temple, Nelia Steyn |
||
| 260 |
_bUniversity of South Africa, _cAU PRESS, _a2019 |
||
| 300 | _a493 pages | ||
| 650 | 7 | _vNutrition-Developing countries-Temple-Norman J | |
| 700 |
_aNelia Steyn _965469 _eJoint author |
||
| 942 |
_2lcc _cBK _n0 |
||
| 999 |
_c33542 _d33542 |
||